Normal view
MARC view
- البنوك الاسلاميه- المحاسبة
Entry Topical Term
001 - CONTROL NUMBER
- control field: 61573
003 - CONTROL NUMBER IDENTIFIER
- control field: JO-AjAnu
005 - DATE AND TIME OF LATEST TRANSACTION
- control field: 20230606084048.0
008 - FIXED-LENGTH DATA ELEMENTS
- fixed length control field: 230606|| aca||aabn | a|a d
040 ## - CATALOGING SOURCE
- Original cataloging agency: JO-AjAnu
- Transcribing agency: JO-AjAnu
150 ## - HEADING--TOPICAL TERM
- Topical term or geographic name entry element: البنوك الاسلاميه- المحاسبة
670 ## - SOURCE DATA FOUND
- Source citation: Work cat.: (JO-AjAnu)31406: الحجاوي، طلال محمد علي؛ م. مشارك مصطفى سلام الدفاعي, author 61572, التقييم المحاسبي للمصارف الاسلامية